|
|
|
|
| LEADER |
00000ngm a2200000 a 4500 |
| 001 |
vtls010180247 |
| 003 |
SK-MaSNL |
| 005 |
20260301031202.0 |
| 007 |
vd cvaizs |
| 008 |
101019s2009 xo 104 e vlfre |
| 040 |
|
|
|a SNK
|b slo
|c SNK
|e AACR2
|
| 041 |
1 |
|
|a fre
|b cze
|h fre
|
| 044 |
|
|
|a xo
|c SK
|
| 072 |
|
7 |
|a 791
|x Film. Cirkus. Ľudová zábava
|2 konspekt
|
| 080 |
|
|
|a 791.221.5(44)
|2 2001
|
| 080 |
|
|
|a (0.034.44)
|2 2001
|
| 130 |
0 |
|
|a Dialogue avec mon jardinier
|l Česky
|9 326236
|
| 245 |
1 |
0 |
|a Rozhovory s mým zahradníkem
|h videozáznam
|c [réžia] Jean Becker
|
| 260 |
|
|
|a [Bratislava
|b Ringier
|c 2009]
|
| 300 |
|
|
|a 1 videodisk (DVD) (104 min.)
|b zvuk DD 5.1, fareb., PAL 16:9
|c 12 cm
|
| 500 |
|
|
|a Názov z disku
|
| 511 |
0 |
|
|a Hrajú: Daniel Auteuil, Jean-Pierre Darroussin a ďalší
|
| 521 |
8 |
|
|a Nevhodné pre mládež do 15 r.
|
| 546 |
|
|
|a V originálnom francúzskom znení, obsahuje české titulky
|
| 650 |
0 |
7 |
|a hrané filmy
|2 SNKPH
|9 68885
|
| 650 |
0 |
7 |
|a filmové drámy
|2 SNKPH
|9 320128
|
| 655 |
|
7 |
|a DVD
|2 SNKPH
|9 70751
|
| 700 |
1 |
|
|a Becker, Jean,
|d 1938-
|4 drt
|9 326237
|
| 999 |
|
|
|c 576125
|d 578055
|
| 952 |
|
|
|a SNK
|b SNK
|y PREZ
|7 0
|p 17A0675793
|o snkSDVD 892
|i snk2010/22802
|8 0
|0 0
|1 0
|4 0
|d 2010-10-19
|l 0
|r 2026-02-23 14:32:31
|w 2026-02-23
|
| 952 |
|
|
|a SNK
|b SNK
|y PREZ
|7 0
|p 17A0675794
|o snkSDVD 892 D1
|i snk2010/22804
|8 0
|0 0
|1 0
|4 0
|d 2010-10-19
|l 0
|r 2026-02-23 14:32:31
|w 2026-02-23
|